Ukazovateľ výkonnosti ekonomiky
Analýzy jednotlivých vplyvov na vývoj veľkosti spotreby elektriny a jej odberu počas roka. Spotreba elektrickej energie na obyvateľa. Skladba spotreby. Dosiahnutie plnohodnotnej integrácie do Európskej únie do r. 2010.
Gespeichert in:
| 1. Verfasser: | |
|---|---|
| Format: | Buchkapitel |
| Sprache: | Slowakisch |
| Schlagworte: | |
| Tags: |
Keine Tags, Fügen Sie das erste Tag hinzu!
|
MARC
| LEADER | 00000naa a2200000 4500 | ||
|---|---|---|---|
| 001 | r019257 | ||
| 005 | 20221205102117.5 | ||
| 041 | 0 | |a slo | |
| 044 | |a SK | ||
| 245 | 1 | 0 | |a Ukazovateľ výkonnosti ekonomiky |c J. Ursíny |
| 520 | |a Analýzy jednotlivých vplyvov na vývoj veľkosti spotreby elektriny a jej odberu počas roka. Spotreba elektrickej energie na obyvateľa. Skladba spotreby. Dosiahnutie plnohodnotnej integrácie do Európskej únie do r. 2010. | ||
| 610 | 2 | 0 | |a Slovensko |
| 610 | 2 | 0 | |a energetika |
| 610 | 2 | 0 | |a integrácia |
| 610 | 2 | 0 | |a Európska únia |
| 610 | 2 | 0 | |a Slovenské elektrárne, a.s. Bratislava |
| 610 | 2 | 0 | |a spotreba energie |
| 610 | 2 | 0 | |a elektrina |
| 100 | 1 | |a Ursíny, J. | |